| 000 | 00790nam a2200205Ia 4500 | ||
|---|---|---|---|
| 003 | GCL | ||
| 008 | 140319s9999 xx 000 0 ara d | ||
| 040 |
_aGCL / _cGCL |
||
| 082 | 0 | 4 |
_a811.4 _bا د |
| 100 | 1 | _aابن الاحنف : ابوالفضل العباس بن الاحنف بن الاسود بن طلحة الحنفى اليمامى | |
| 245 | 1 | 0 |
_aديوان العباس بن الاحنف / _cابن الاحنف : ابوالفضل العباس بن الاحنف بن الاسود بن طلحة الحنفى اليمامى |
| 260 |
_a[S.N] : _bدار صادر ، _c1978 |
||
| 300 | _a333 | ||
| 490 | _a | ||
| 650 | 0 | 4 | _aالشعر العربى |
| 650 | 0 | 4 | _aالادب العربى |
| 650 | 0 | 4 | _aدواوين وقصائد |
| 650 | 0 | 4 | _aتاريخ ونقد |
| 942 |
_2ddc _cBK |
||
| 999 |
_c31356 _d31356 |
||